000 00525nam a22001817a 4500
005 20160803115751.0
010 _aENG-115389
020 _a9788173819469
_c235.00
035 _aEN-98921
037 _bDBAD/PUB
082 _a488.24
100 _aDas,P.C.
245 _aSpoken english and functional grammar /
_cby P.C. Das
260 _aNew Delhi
_bNew Central Book Agency
_c2016
270 _a8/1,Chintamoni Das Lane
_bKolkata
_e700009
300 _a245p.
_c24cm(pbk)
942 _2ddc
_cEN
_h488.24
_mDAS
999 _c101541
_d101541